<?xml version="1.0" encoding="UTF-8"?>
<record
    xmlns:xsi="http://www.w3.org/2001/XMLSchema-instance"
    xsi:schemaLocation="http://www.loc.gov/MARC21/slim http://www.loc.gov/standards/marcxml/schema/MARC21slim.xsd"
    xmlns="http://www.loc.gov/MARC21/slim">

  <leader>00500nam a22001457a 4500</leader>
  <controlfield tag="008">230403b        |||||||| |||| 00| 0 eng d</controlfield>
  <datafield tag="040" ind1=" " ind2=" ">
    <subfield code="a">National Science Library</subfield>
    <subfield code="c">National Science Library</subfield>
  </datafield>
  <datafield tag="080" ind1=" " ind2=" ">
    <subfield code="a">015(540)</subfield>
    <subfield code="b">K2</subfield>
  </datafield>
  <datafield tag="245" ind1=" " ind2=" ">
    <subfield code="a">Impex supplement 1960-62: </subfield>
    <subfield code="b">Reference catalogue of Indian books</subfield>
    <subfield code="c">/ Indian Book Export &amp; Import Co.</subfield>
  </datafield>
  <datafield tag="260" ind1=" " ind2=" ">
    <subfield code="a">New Delhi: </subfield>
    <subfield code="b">Indian Book Export &amp; Import Co., </subfield>
    <subfield code="c">1962</subfield>
  </datafield>
  <datafield tag="300" ind1=" " ind2=" ">
    <subfield code="a">219p. </subfield>
  </datafield>
  <datafield tag="365" ind1=" " ind2=" ">
    <subfield code="b">40.00</subfield>
    <subfield code="c">INR </subfield>
  </datafield>
  <datafield tag="653" ind1=" " ind2=" ">
    <subfield code="a">Reference catalogue </subfield>
  </datafield>
  <datafield tag="942" ind1=" " ind2=" ">
    <subfield code="2">udc</subfield>
    <subfield code="c">BK</subfield>
  </datafield>
  <datafield tag="999" ind1=" " ind2=" ">
    <subfield code="c">17947</subfield>
    <subfield code="d">17947</subfield>
  </datafield>
  <datafield tag="952" ind1=" " ind2=" ">
    <subfield code="0">0</subfield>
    <subfield code="1">0</subfield>
    <subfield code="2">udc</subfield>
    <subfield code="4">0</subfield>
    <subfield code="6">015540_K2</subfield>
    <subfield code="7">0</subfield>
    <subfield code="9">26687</subfield>
    <subfield code="a">NSL</subfield>
    <subfield code="b">NSL</subfield>
    <subfield code="c">GF/Rk-4/C-21/R-6</subfield>
    <subfield code="d">1964-10-21</subfield>
    <subfield code="l">0</subfield>
    <subfield code="o">015(540) K2</subfield>
    <subfield code="p">10221</subfield>
    <subfield code="r">2023-04-03 00:00:00</subfield>
    <subfield code="w">1964-10-21</subfield>
    <subfield code="y">BK</subfield>
  </datafield>
</record>
